Saved in:
| Format: | Unknown |
|---|---|
| Subjects: | |
| Tags: |
Add Tag
No Tags, Be the first to tag this record!
|
| LEADER | 010440000a22002050004500 | ||
|---|---|---|---|
| 337 | |2 rdamedia |a unmediated | ||
| 337 | |2 rdamedia |a computer | ||
| 338 | |2 rdacarrier |a volume | ||
| 338 | |2 rdacarrier |a computer disc | ||
| 338 | |2 rdacarrier |a online resource | ||
| 500 | |a Abstracts in English and Arabic. | ||
| 500 | |a "A thesis submitted in fulfilment of the requirement for the degree of Master of Science (Computer and Information Engineering)." --On title page. | ||
| 650 | 0 | |a Millimeter wave communication systems | |
| 650 | 0 | |a MIMO systems | |
| 650 | 0 | |a Wireless communication systems | |
| 700 | 0 | |a Khaizuran Abdullah, |e degree supervisor | |
| 700 | 1 | |a Islam, Md. Rafiqul, |e degree supervisor | |
| 999 | |c 439255 |d 470630 | ||
| 952 | |0 0 |6 T TK 005103.4835 P276D 2020 |7 0 |8 THESES |9 761727 |a IIUM |b IIUM |c MULTIMEDIA |g 0.00 |o t TK 5103.4835 P276D 2020 |p 11100418104 |r 2021-04-14 |t 1 |v 0.00 |y THESIS | ||
| 952 | |0 0 |6 TS CDF TK 5103.4835 P276D 2020 |7 0 |8 THESES |9 859285 |a IIUM |b IIUM |c MULTIMEDIA |g 0.00 |o ts cdf TK 5103.4835 P276D 2020 |p 11100418105 |r 2021-04-19 |t 1 |v 0.00 |y THESISDIG | ||
